|
|
|
|
| LEADER |
00806nam a2200217 4500 |
| 001 |
c000325387 |
| 003 |
CARM |
| 005 |
00000000000000.0 |
| 008 |
720623s1971 txu 00000 eng |
| 019 |
1 |
|
|a 719594
|5 LACONCORD2021
|
| 035 |
|
|
|a (OCoLC)354089
|5 LACONCORD2021
|
| 050 |
0 |
0 |
|a PS3501.N256
|b N6 1971
|
| 100 |
1 |
|
|a Anderson, Maxwell,
|d 1888-1959.
|
| 245 |
1 |
0 |
|a Notes on a dream.
|c Introd. by Laurence G. Avery.
|
| 260 |
|
|
|a [Austin]
|b Humanities Research Center, University of Texas
|c [c1971]
|
| 300 |
|
|
|a 48 p.
|b front.
|c 22 cm.
|
| 500 |
|
|
|a Poems.
|
| 852 |
8 |
|
|b CARM
|h A1:AM34C0
|i B09774
|p 0441785
|f BK
|
| 082 |
0 |
4 |
|a 811/.5/2
|
| 999 |
f |
f |
|i 44551dd4-ad7e-5473-9987-47c984cec3d5
|s f9bb867e-fe69-52ad-b06d-933c49d4cd87
|
| 952 |
f |
f |
|p Can circulate
|a CAVAL
|b CAVAL
|c CAVAL
|d CARM 1 Store
|e B09774
|f A1:AM34C0
|h Other scheme
|i book
|m 0441785
|